000 004530000a22001690004500
041 0 _aENG
082 0 4 _aG 266.6 B6138f
100 1 _aBinkley, O. T. (Olin Trivette) (1908-)
245 1 0 _aFrontiers for christian youth / O. T. Binkley
260 _aNashville, TN., USA : Broadman
300 _a116 Pag
001 7685
942 _cBK
999 _c37890
_d37890
336 _atexto
_btxt
_2rdacontent
337 _2rdamedia
_asin mediación
_bn
338 _2rdacarrier
_avolumen
_bnc